Common characteristics of corporate fitness programs in the northeastern United States /

Bibliographic Details
Main Author: Consol, Thomas M.
Format: Thesis Microform Book
Language:English
Published: [Place of publication not identified] : [publisher not identified] ; 1982.
Subjects:

MARC

Tag First Indicator Second Indicator Subfields
LEADER 00000cam a2200000 a 4500
001 in00000023597
005 20151007054251.0
007 he bmb|||||||
008 851107r19851982oru bb 00010 eng d
035 |a (OCoLC)12771475 
035 |9 AAB4511AM 
040 |a ORU  |c MIA  |d MIA  |d HPE  |d TXA  |d UtOrBLW 
049 |a TXAI 
099 |a fiche  |a C  |a 9218 
100 1 |a Consol, Thomas M. 
245 1 0 |a Common characteristics of corporate fitness programs in the northeastern United States /  |c by Thomas M. Consol. 
264 1 |a [Place of publication not identified] :  |b [publisher not identified] ;  |c 1982. 
300 |a vii, 99 leaves. 
336 |a text  |b txt  |2 rdacontent 
337 |a microform  |b h  |2 rdamedia 
338 |a microfiche  |b he  |2 rdacarrier 
502 |b M.S.  |c Springfield College  |d 1982. 
504 |a Bibliography: leaves [85]-90. 
533 |a Microfiche.  |b Eugene :  |c Microform Publications, College of Human Development and Performance, University of Oregon,  |d 1985.  |e 2 microfiches : negative ; 11 x 15 cm. 
500 |a Microform. 
650 0 |a Employee assistance programs. 
650 0 |a Physical fitness. 
740 0 |a Corporate fitness programs. 
999 |a MARS 
999 f f |s 69fca65c-d04b-3e2e-8959-856e4b6af889  |i 7b1f5e1d-7636-3d5e-b614-317358b1e22a  |t 0 
952 f f |p normal  |a Texas A&M University  |b College Station  |c Sterling C. Evans Library  |d Evans: Microforms (3rd floor)  |t 0  |e fiche C 9218  |h Other scheme  |i microform -- microfiche  |m A14823000220 
998 f f |a fiche C 9218  |t 0  |l Evans: Microforms (3rd floor)